| 000 | 01176nam a2200301 a 4500 | ||
|---|---|---|---|
| 001 | 0000258 | ||
| 003 | DO-SdBNP | ||
| 005 | 20160407152603.0 | ||
| 007 | 0000258 | ||
| 008 | 150211s20uu dr abc 000 0 spa d | ||
| 020 | _z9789945400584 | ||
| 040 |
_aBPMSU _bspa _cBPMSU |
||
| 092 |
_axxxx _bxxxx |
||
| 100 | 1 | _aAzócar, Marianela | |
| 245 | 0 | 0 |
_aArtística 8 : _bbásica / _cMarianela Azócar, Luisa A. Mateo Dicló ; producción editorial María del Jesús de la Rosa ; ilustraciones Ramón Sandoval. |
| 260 |
_aSanto Domingo : _bActualidad Escolar 2000, _c[20uu] |
||
| 300 |
_axxiv, 128 p. : _bil., mapas, retrs. ; _c22 cm. |
||
| 500 | _aIncluye el libros del maestro | ||
| 500 | _aLa biblioteca solamente posee el libro del maestro. | ||
| 504 | _aBibliografía p: xxiv | ||
| 505 | 0 |
_tEl arte universal -- _tConozcamos sobre el arte popular -- _tFormación sobre las culturas latinoamericanas -- _tEl arte y sus formas _tEl arte y las manifetaciones folclóricas -- |
|
| 700 | 1 | _aMateo Dicló, Luisa A. | |
| 700 | 1 |
_aDel Jesús de la Rosa, María _eprod. ed. |
|
| 700 | 1 |
_aSandoval, Ramón _eil. |
|
| 910 | _a00144 | ||
| 942 |
_2ddc _cBK |
||
| 956 |
_aYLOCKWARD _b10 |
||
| 999 |
_c9638 _d9638 |
||